Gastauftritte im Tatort - Statistiken

Allgemein
  • Dieses Quiz wurde 28 mal gespielt
    10 seit der letzten Aktualisierung
  • Das Durchschnittsergebnis liegt bei 10 aus 12
Antwortstatistiken
Bildquiz Antwort % Korrekt
Joachim Löw
100%
Udo Lindenberg
100%
Jörg Pilawa
90%
Joshua Kimmich
90%
Nina Hagen
90%
Armin Laschet
80%
Rudolph Moshammer
80%
Campino
70%
Dieter Bohlen
70%
Helene Fischer
70%
Roland Kaiser
60%
Berti Vogts
50%
Keine übereinstimmenden Quizze gefunden
Verteilung der Resultate
Anzahl Personen mit jedem Resultat
Perzentil nach korrekt beantworteten Fragen
Ihre Resultats-Entwicklung
Sie haben dieses Quiz seit der letzten Aktualisierung nicht gespielt